Se instalará planta experimental: energía eólica en Costa Rica /

שמור ב:
מידע ביבליוגרפי
מחבר ראשי: Parral, César A.
מחברים אחרים: Herrera, Mauricio
פורמט: Texto
נושאים:
תגים: הוספת תג
אין תגיות, היה/י הראשונ/ה לתייג את הרשומה!

MARC

LEADER 00000 a a2200000 04500
001 1474
003
040
100 |a Parral, César A.  
245 |a Se instalará planta experimental:   |b energía eólica en Costa Rica /  |c César A. Parral 
650 |a ENERGIA EOLICA  
650 |a COSTA RICA  
700 |a Herrera, Mauricio  
773 |g número 92; páginas 25-26  
999 |c 23444  |d 23444